000 00981nam a2200301 i 4500
001 000002948
003 DO-SdBNP
005 20260415175501.0
007 ta
008 090706s1994 dr a r 000 0 spa d
040 _aDO-SdBNP
_bspa
_cBNPHU
_erda
041 _aspa
082 4 _a343.04
_bT666e
_222
100 1 _aTonos Santana, Luís Eduardo,
_d1938-
_eautor
_4aut.
_99370
245 1 0 _aEnciclopedias tributarias /
_cLuís Eduardo Tonos Santana.
264 1 _aSanto Domingo, República Dominicana :
_bEditora Corripio,
_c1994.
300 _avii, 264 páginas :
_bilustraciones ;
_c23 cm.
336 _aTexto
_btxt
_2rdacontent
337 _asinmediación
_bn
_2rdamedia
338 _avolumen
_bnc
_2rdacarrier
500 _aIncluye datos biográficos del autor en las solapas.
590 _aInventariado, 2025/DG
650 0 _aImpuestos
_xLeyes y legislación
_99338
650 4 _aProcesos tributarios
_99371
650 4 _aImpuestos
_98380
910 _aDG
942 _2ddc
_cLBS1
999 _c2780
_d2780